[Event "38th Barczay Memorial 2019"]
[Site "Zalakaros"]
[Date "2019.05.26"]
[Round "4.3"]
[White "Srinath, Rao S.V."]
[Black "Varga, Zoltan"]
[Result "1-0"]
[WhiteElo "2395"]
[BlackElo "2457"]
[Annotator "ChessBase"]
[PlyCount "153"]
[EventDate "2019.05.23"]
[EventType "swiss"]
[EventCountry "HUN"]
[SourceTitle "playchess.com"]
[Source "ChessBase"]
[SourceQuality "1"]
[TimeControl "40/5400+30:1800+30"]

1. e4 {[%emt 0:01:17]} Nf6 {[%emt 0:12:16]} 2. e5 {[%emt 0:00:40]} Nd5 {[%emt 0:00:04]} 3. d4 {[%emt 0:00:04]} d6 {[%emt 0:00:03]} 4. Nf3 {[%emt 0:00:33]} dxe5 {[%emt 0:03:36]} 5. Nxe5 {[%emt 0:00:05]} c6 {[%emt 0:00:03]} 6. Be2 {[%emt 0:00:27]} Bf5 {[%emt 0:01:28]} 7. O-O {[%emt 0:01:41]} Nd7 {[%emt 0:00:04]} 8. Nf3 {[%emt 0:00:15]} e6 {[%emt 0:00:28]} 9. c4 {[%emt 0:01:05]} N5f6 {[%emt 0:00:06]} 10. Nc3 {[%emt 0:00:15]} Bb4 {[%emt 0:03:57]} 11. Qb3 {[%emt 0:03:22]} a5 {[%emt 0:03:42]} 12. Na4 {[%emt 0:06:51]} b6 {[%emt 0:02:16]} 13. Bg5 {[%emt 0:07:53]} Qc7 {[%emt 0:12:14]} 14. Bxf6 gxf6 {[%emt 0:05:54]} 15. Nh4 {[%emt 0:12:02]} Bg6 {[%emt 0:03:41]} 16. d5 {[%emt 0:11:23]} Nc5 {[%emt 0:12:33]} 17. Nxc5 Bxc5 {[%emt 0:00:02]} 18. Qf3 {[%emt 0:02:49]} Ke7 {[%emt 0:15:33]} 19. Rae1 {[%emt 0:06:15]} Bb4 {[%emt 0:03:03]} 20. Rd1 {[%emt 0:02:33]} Qe5 {[%emt 0:06:08]} 21. dxe6 {[%emt 0:04:50]} Be4 {[%emt 0:04:47]} 22. Qe3 {[%emt 0:08:01]} Bc5 {[%emt 0:04:23]} 23. Qh6 {[%emt 0:03:01]} Qg5 {[%emt 0:00:46]} 24. Qxg5 {[%emt 0:00:57]} fxg5 {[%emt 0:00:04]} 25. Bf3 {[%emt 0:03:56]} Bxf3 {[%emt 0:00:40]} 26. Nxf3 {[%emt 0:00:10]} f6 {[%emt 0:00:02]} 27. Rd7+ {[%emt 0:05:13]} Kxe6 {[%emt 0:00:03]} 28. Rfd1 {[%emt 0:00:11]} h5 {[%emt 0:01:23]} 29. R7d3 {[%emt 0:04:23]} Rac8 {[%emt 0:01:13]} 30. h4 {[%emt 0:00:55]} Kf5 {[%emt 0:01:07]} 31. Rd7 {[%emt 0:02:37]} Rhe8 {[%emt 0:00:33]} 32. hxg5 {[%emt 0:00:45]} fxg5 {[%emt 0:02:02]} 33. Rf7+ {[%emt 0:03:13]} Kg6 {[%emt 0:00:04]} 34. Rdd7 {[%emt 0:00:08]} Bf8 {[%emt 0:01:05]} 35. Rc7 {[%emt 0:04:29]} Rxc7 36. Rxc7 {[%emt 0:00:05]} Re6 {[%emt 0:01:56]} 37. Rxc6 {[%emt 0:03:05]} Rxc6 {[%emt 0:00:01]} 38. Ne5+ {[%emt 0:00:04]} Kf5 {[%emt 0:00:02]} 39. Nxc6 {[%emt 0:00:05]} Bc5 {[%emt 0:00:17]} 40. Kf1 {[%emt 0:00:00]} g4 {[%emt 0:00:00]} 41. g3 {[%emt 0:01:10]} Kg5 {[%emt 0:04:25]} 42. Ke2 {[%emt 0:01:05]} h4 {[%emt 0:00:07]} 43. gxh4+ {[%emt 0:00:08]} Kxh4 {[%emt 0:00:05]} 44. Ne5 {[%emt 0:01:56]} Bd4 {[%emt 0:00:44]} 45. Nd3 {[%emt 0:00:04]} Kg5 {[%emt 0:00:04]} 46. b3 {[%emt 0:01:50]} Kf5 {[%emt 0:00:12]} 47. Ne1 {[%emt 0:01:16]} Ke4 {[%emt 0:00:43]} 48. f3+ {[%emt 0:00:34]} gxf3+ {[%emt 0:00:17]} 49. Nxf3 {[%emt 0:00:05]} Bf6 {[%emt 0:02:19]} 50. Ne1 {[%emt 0:02:11]} Kd4 {[%emt 0:07:10]} 51. Kd2 {[%emt 0:00:23]} a4 {[%emt 0:00:49]} 52. Nc2+ {[%emt 0:01:02]} Kc5 {[%emt 0:00:14]} 53. Kd3 {[%emt 0:00:12]} axb3 54. axb3 {[%emt 0:00:03]} Bb2 {[%emt 0:02:01]} 55. b4+ {[%emt 0:00:52]} Kd6 {[%emt 0:00:30]} 56. Nd4 {[%emt 0:02:04]} Ba1 {[%emt 0:00:29]} 57. Ke4 {[%emt 0:00:56]} Bb2 {[%emt 0:00:07]} 58. Nb5+ {[%emt 0:00:38]} Kc6 {[%emt 0:01:33]} 59. Kf5 {[%emt 0:00:13]} Bg7 {[%emt 0:01:56]} 60. Ke6 {[%emt 0:00:26]} Bf8 {[%emt 0:00:45]} 61. Nd4+ {[%emt 0:00:05]} Kb7 {[%emt 0:00:08]} 62. b5 {[%emt 0:00:23]} Bc5 {[%emt 0:01:25]} 63. Nb3 {[%emt 0:00:54]} Be3 {[%emt 0:00:11]} 64. Kd7 {[%emt 0:00:09]} Bg1 {[%emt 0:00:55]} 65. Nd2 {[%emt 0:00:21]} Bf2 {[%emt 0:00:32]} 66. Ne4 {[%emt 0:00:12]} Be3 {[%emt 0:00:21]} 67. Nd6+ {[%emt 0:00:20]} Kb8 {[%emt 0:00:26]} 68. Kc6 {[%emt 0:00:45]} Bc5 {[%emt 0:00:38]} 69. Ne8 {[%emt 0:01:10]} Bg1 {[%emt 0:00:08]} 70. Nc7 {[%emt 0:00:08]} Bf2 {[%emt 0:00:07]} 71. Na6+ {[%emt 0:00:18]} Ka7 {[%emt 0:02:08]} 72. Kc7 {[%emt 0:01:29]} Bg3+ {[%emt 0:00:27]} 73. Kc8 {[%emt 0:00:04]} Bf2 {[%emt 0:00:04]} 74. Nb8 {[%emt 0:00:58]} Bg1 {[%emt 0:00:11]} 75. Nc6+ {[%emt 0:00:17]} Ka8 {[%emt 0:00:06]} 76. Kc7 {[%emt 0:00:11]} Bf2 {[%emt 0:00:34]} 77. Ne7 {[%emt 0:00:10]} 1-0

[Event "38th Barczay Memorial 2019"]
[Site "Zalakaros"]
[Date "2019.05.26"]
[Round "4.4"]
[White "Borhy, Marcell"]
[Black "Bagi, Mate"]
[Result "1/2-1/2"]
[WhiteElo "2374"]
[BlackElo "2450"]
[Annotator "TA"]
[PlyCount "24"]
[EventDate "2019.05.23"]
[EventType "swiss"]
[EventCountry "HUN"]
[SourceTitle "playchess.com"]
[Source "ChessBase"]
[SourceQuality "1"]

{[%evp 10,24,-25,-23,-16,-25,0,-14,-11,-2,0,0,0,-11,0,-12,0]} 1. e4 e5 2. Nf3 Nc6 3. Be2 Nf6 4. d3 d5 5. Nbd2 Bc5 6. O-O O-O {C44: Ponziani Opening and Scotch Gambit} 7. Nb3 (7. c3 a5 8. a4 Re8 9. Qc2 h6 10. h3 Be6 11. Re1 d4 12. Nf1 Nd7 13. Ng3 Bf8 14. cxd4 exd4 15. Nd2 Nc5 16. b3 {½-½ (78) Grischuk,A (2761)-Caruana,F (2808) Paris 2017}) 7... Be7 8. exd5 {The position is equal.} Nxd5 9. c4 $146 ({Predecessor:} 9. c3 a5 10. a4 Bf5 11. d4 e4 12. Ne1 Bd6 13. Nc2 {1-0 (25) Martin Duque,J (2347)-Souleidis,G (2423) Prague 2019}) 9... Nf6 10. d4 exd4 11. Nfxd4 Nxd4 12. Nxd4 c6 1/2-1/2

[Event "38th Barczay Memorial 2019"]
[Site "Zalakaros"]
[Date "2019.05.26"]
[Round "4.5"]
[White "Radovanovic, Jovica"]
[Black "Gschnitzer, Adrian"]
[Result "0-1"]
[WhiteElo "2306"]
[BlackElo "2419"]
[Annotator "NA"]
[PlyCount "78"]
[EventDate "2019.05.23"]
[EventType "swiss"]
[EventCountry "HUN"]
[SourceTitle "playchess.com"]
[Source "ChessBase"]
[SourceQuality "1"]
[TimeControl "40/5400+30:1800+30"]

1. d4 {[%emt 0:01:30]} Nf6 {[%emt 0:00:09]} 2. Nf3 {[%emt 0:00:29]} c5 {[%emt 0:00:08]} 3. c3 {[%emt 0:00:06]} d5 {[%emt 0:00:12]} 4. a3 {[%emt 0:02:08]} e6 {[%emt 0:01:54]} 5. Bf4 {[%emt 0:00:27]} Nc6 {[%emt 0:00:49]} 6. b4 {[%emt 0:03:13]} c4 {[%emt 0:11:16]} 7. g3 {[%emt 0:05:21]} Ne4 {[%emt 0:02:44]} 8. Bg2 {[%emt 0:07:55]} g5 {[%emt 0:06:12]} 9. Be3 {[%emt 0:00:25]} Bg7 {[%emt 0:01:38]} 10. Qc1 {[%emt 0:08:49]} h6 {[%emt 0:00:46]} 11. h4 {[%emt 0:04:22]} f6 {[%emt 0:08:07]} 12. Nbd2 {[%emt 0:11:40]} Nd6 {[%emt 0:01:28]} 13. a4 {[%emt 0:02:12]} Bd7 {[%emt 0:02:09]} 14. Qc2 {[%emt 0:03:20]} Qe7 {[%emt 0:02:34]} 15. hxg5 hxg5 {[%emt 0:00:14]} 16. Qg6+ {[%emt 0:04:54]} Qf7 {[%emt 0:00:20]} 17. Rxh8+ {[%emt 0:00:36]} Bxh8 {[%emt 0:00:06]} 18. Qxf7+ {[%emt 0:03:15]} Kxf7 {[%emt 0:00:24]} 19. g4 {[%emt 0:02:08]} Ne7 {[%emt 0:02:00]} 20. Kd1 {[%emt 0:05:04]} Bg7 {[%emt 0:01:11]} 21. Kc2 {[%emt 0:00:21]} Rh8 {[%emt 0:06:06]} 22. a5 {[%emt 0:00:08]} Ng6 {[%emt 0:01:23]} 23. Rh1 {[%emt 0:01:13]} Rxh1 24. Bxh1 {[%emt 0:00:23]} Nf4 {[%emt 0:12:10]} 25. Bxf4 {[%emt 0:06:15]} gxf4 {[%emt 0:00:10]} 26. Nh4 {[%emt 0:05:34]} Bh6 {[%emt 0:00:57]} 27. Bf3 {[%emt 0:00:46]} Bc6 {[%emt 0:03:13]} 28. Bg2 {[%emt 0:14:00]} a6 {[%emt 0:01:51]} 29. Bf3 {[%emt 0:03:22]} Bg5 {[%emt 0:01:52]} 30. Ng2 {[%emt 0:00:19]} e5 {[%emt 0:00:50]} 31. dxe5 {[%emt 0:02:03]} fxe5 {[%emt 0:00:06]} 32. e3 {[%emt 0:00:21]} e4 {[%emt 0:02:58]} 33. exf4 {[%emt 0:01:54]} exf3 {[%emt 0:00:57]} 34. Nxf3 {[%emt 0:00:03]} Bf6 {[%emt 0:00:19]} 35. Ne5+ {[%emt 0:01:39]} Bxe5 {[%emt 0:06:16]} 36. fxe5 {[%emt 0:00:01]} Ne4 {[%emt 0:00:05]} 37. f4 {[%emt 0:00:34]} Nf2 {[%emt 0:00:08]} 38. g5 {[%emt 0:01:15]} d4 {[%emt 0:00:22]} 39. cxd4 {[%emt 0:00:53]} Bxg2 {[%emt 0:00:20]} 0-1

[Event "38th Barczay Memorial 2019"]
[Site "Zalakaros"]
[Date "2019.05.26"]
[Round "4.6"]
[White "Horvath, Adam"]
[Black "Peczely, Sebastian Zsombor"]
[Result "1-0"]
[WhiteElo "2531"]
[BlackElo "2245"]
[Annotator "ChessBase"]
[PlyCount "117"]
[EventDate "2019.05.23"]
[EventType "swiss"]
[EventCountry "HUN"]
[SourceTitle "playchess.com"]
[Source "ChessBase"]
[SourceQuality "1"]
[TimeControl "40/5400+30:1800+30"]

1. e4 {[%emt 0:01:54]} e5 {[%emt 0:03:09]} 2. Nf3 {[%emt 0:00:08]} Nc6 {[%emt 0:00:07]} 3. Bb5 {[%emt 0:00:04]} a6 {[%emt 0:00:06]} 4. Ba4 {[%emt 0:00:03]} Nf6 {[%emt 0:00:34]} 5. O-O {[%emt 0:00:35]} Be7 {[%emt 0:00:07]} 6. Re1 {[%emt 0:00:16]} b5 {[%emt 0:00:06]} 7. Bb3 {[%emt 0:00:03]} d6 {[%emt 0:00:19]} 8. a4 {[%emt 0:00:15]} b4 {[%emt 0:00:48]} 9. a5 {[%emt 0:02:43]} O-O {[%emt 0:01:17]} 10. d3 {[%emt 0:00:26]} Bg4 {[%emt 0:00:36]} 11. c3 {[%emt 0:00:44]} Rb8 {[%emt 0:15:10]} 12. Nbd2 {[%emt 0:01:57]} Qc8 {[%emt 0:01:05]} 13. h3 {[%emt 0:23:23]} Bh5 {[%emt 0:00:43]} 14. Bc4 {[%emt 0:01:45]} Nd8 {[%emt 0:04:08]} 15. d4 {[%emt 0:04:54]} Ne6 {[%emt 0:14:53]} 16. dxe5 {[%emt 0:17:34]} dxe5 {[%emt 0:00:10]} 17. Nf1 {[%emt 0:00:08]} Bxf3 18. Qxf3 {[%emt 0:00:58]} Ne8 {[%emt 0:27:40]} 19. Qe2 {[%emt 0:03:56]} Nc5 {[%emt 0:03:12]} 20. Bd2 {[%emt 0:11:27]} bxc3 {[%emt 0:00:54]} 21. Bxc3 {[%emt 0:00:04]} Nd6 {[%emt 0:03:31]} 22. Bd5 {[%emt 0:06:36]} Bf6 {[%emt 0:02:10]} 23. Ng3 {[%emt 0:00:55]} g6 {[%emt 0:05:22]} 24. b4 {[%emt 0:05:21]} Nb5 {[%emt 0:00:40]} 25. Qf3 {[%emt 0:10:22]} Nxc3 {[%emt 0:02:44]} 26. Qxc3 {[%emt 0:01:30]} Ne6 {[%emt 0:00:31]} 27. Ne2 {[%emt 0:00:32]} Kg7 {[%emt 0:03:25]} 28. Rec1 {[%emt 0:01:11]} Re8 {[%emt 0:01:57]} 29. Rab1 {[%emt 0:01:00]} Re7 {[%emt 0:04:33]} 30. Qc4 {[%emt 0:03:19]} Nf4 {[%emt 0:02:07]} 31. Nxf4 {[%emt 0:00:36]} exf4 {[%emt 0:00:05]} 32. Qd3 {[%emt 0:00:11]} Be5 {[%emt 0:00:49]} 33. Rc6 {[%emt 0:00:07]} Bd6 {[%emt 0:00:53]} 34. Rb3 {[%emt 0:00:27]} f6 {[%emt 0:00:22]} 35. Rxa6 {[%emt 0:01:20]} Bxb4 {[%emt 0:00:33]} 36. Qd4 {[%emt 0:00:40]} Bd6 {[%emt 0:00:03]} 37. Rxb8 Qxb8 {[%emt 0:00:04]} 38. Qd3 {[%emt 0:00:47]} Qb4 {[%emt 0:00:48]} 39. Ra8 {[%emt 0:00:18]} Qe1+ {[%emt 0:00:50]} 40. Qf1 {[%emt 0:00:00]} Qxf1+ {[%emt 0:00:00]} 41. Kxf1 {[%emt 0:00:13]} c6 {[%emt 0:03:08]} 42. Bxc6 {[%emt 0:02:44]} Bc5 {[%emt 0:01:27]} 43. Rc8 {[%emt 0:02:00]} f5 {[%emt 0:09:23]} 44. f3 {[%emt 0:05:12]} Be3 {[%emt 0:01:36]} 45. a6 {[%emt 0:00:52]} fxe4 46. fxe4 {[%emt 0:00:35]} Kf6 {[%emt 0:05:31]} 47. Ke2 {[%emt 0:01:09]} h5 {[%emt 0:01:50]} 48. Bd5 {[%emt 0:06:33]} g5 {[%emt 0:01:13]} 49. Rc3 {[%emt 0:02:01]} Bg1 {[%emt 0:04:25]} 50. Rc6+ {[%emt 0:00:21]} Kg7 {[%emt 0:01:27]} 51. Kf3 {[%emt 0:00:34]} Be3 {[%emt 0:01:12]} 52. Be6 {[%emt 0:00:39]} Bd4 {[%emt 0:02:33]} 53. Bf5 {[%emt 0:00:35]} Kf7 {[%emt 0:00:12]} 54. h4 {[%emt 0:03:58]} gxh4 {[%emt 0:01:12]} 55. Kxf4 {[%emt 0:00:04]} Kf8 {[%emt 0:01:01]} 56. Rc4 {[%emt 0:01:16]} Be5+ {[%emt 0:00:43]} 57. Kg5 {[%emt 0:00:06]} Ra7 {[%emt 0:00:11]} 58. Rc6 {[%emt 0:00:11]} Rg7+ {[%emt 0:00:21]} 59. Bg6 {[%emt 0:00:11]} 1-0

[Event "38th Barczay Memorial 2019"]
[Site "Zalakaros"]
[Date "2019.05.26"]
[Round "4.7"]
[White "Horvath, Jozsef"]
[Black "Ianov, Viktor"]
[Result "1-0"]
[WhiteElo "2451"]
[BlackElo "2298"]
[Annotator "ChessBase"]
[PlyCount "71"]
[EventDate "2019.05.23"]
[EventType "swiss"]
[EventCountry "HUN"]
[SourceTitle "playchess.com"]
[Source "ChessBase"]
[SourceQuality "1"]
[TimeControl "40/5400+30:1800+30"]

1. d4 {[%emt 0:06:50]} d6 {[%emt 0:00:09]} 2. c4 {[%emt 0:00:14]} Nf6 {[%emt 0:00:10]} 3. Nc3 {[%emt 0:01:00]} g6 {[%emt 0:00:10]} 4. g3 {[%emt 0:02:09]} Bg7 {[%emt 0:00:12]} 5. Bg2 {[%emt 0:00:07]} O-O {[%emt 0:00:11]} 6. Nf3 {[%emt 0:00:05]} c6 {[%emt 0:01:34]} 7. O-O {[%emt 0:00:53]} Bf5 {[%emt 0:00:10]} 8. Ne1 {[%emt 0:01:37]} Qc8 {[%emt 0:00:15]} 9. e4 {[%emt 0:05:21]} Bh3 {[%emt 0:01:09]} 10. f3 {[%emt 0:01:50]} Bxg2 {[%emt 0:01:03]} 11. Kxg2 {[%emt 0:00:35]} Nbd7 {[%emt 0:00:30]} 12. Be3 {[%emt 0:09:37]} Rd8 {[%emt 0:00:55]} 13. Rc1 {[%emt 0:02:08]} b6 {[%emt 0:03:27]} 14. Nd3 {[%emt 0:16:01]} Qb7 {[%emt 0:04:42]} 15. Rf2 {[%emt 0:06:05]} Rac8 {[%emt 0:00:27]} 16. Rfc2 {[%emt 0:03:25]} a6 {[%emt 0:01:22]} 17. a4 {[%emt 0:01:51]} a5 {[%emt 0:02:35]} 18. Qe2 {[%emt 0:03:05]} e5 {[%emt 0:03:04]} 19. d5 {[%emt 0:05:01]} c5 {[%emt 0:01:31]} 20. Rf1 {[%emt 0:01:59]} Rf8 {[%emt 0:01:33]} 21. f4 {[%emt 0:06:23]} exf4 {[%emt 0:01:48]} 22. Bxf4 {[%emt 0:00:28]} Ne8 {[%emt 0:00:20]} 23. Nb5 {[%emt 0:02:27]} Qb8 {[%emt 0:00:26]} 24. Qg4 {[%emt 0:03:20]} Rd8 {[%emt 0:00:43]} 25. Bg5 {[%emt 0:02:28]} h5 {[%emt 0:04:24]} 26. Qh4 {[%emt 0:05:05]} f6 {[%emt 0:00:30]} 27. Bc1 {[%emt 0:03:39]} Ne5 {[%emt 0:01:38]} 28. Nxe5 dxe5 {[%emt 0:00:13]} 29. g4 {[%emt 0:02:11]} Qc8 {[%emt 0:04:20]} 30. gxh5 {[%emt 0:00:36]} g5 {[%emt 0:00:28]} 31. Qh3 {[%emt 0:03:51]} g4 {[%emt 0:02:56]} 32. Qh4 {[%emt 0:00:56]} f5 {[%emt 0:00:09]} 33. Bg5 {[%emt 0:01:27]} Nf6 {[%emt 0:00:38]} 34. h6 {[%emt 0:00:59]} f4 {[%emt 0:01:50]} 35. hxg7 {[%emt 0:00:18]} Kxg7 {[%emt 0:00:10]} 36. Qh6+ {[%emt 0:00:42]} 1-0

[Event "38th Barczay Memorial 2019"]
[Site "Zalakaros"]
[Date "2019.05.26"]
[Round "4.8"]
[White "Doric, Nenad"]
[Black "Meszaros, Tamas"]
[Result "1/2-1/2"]
[WhiteElo "2262"]
[BlackElo "2385"]
[Annotator "NA"]
[PlyCount "45"]
[EventDate "2019.05.23"]
[EventType "swiss"]
[EventCountry "HUN"]
[SourceTitle "playchess.com"]
[Source "ChessBase"]
[SourceQuality "1"]
[TimeControl "40/5400+30:1800+30"]

1. d4 {[%emt 0:00:19]} Nf6 {[%emt 0:00:34]} 2. c4 {[%emt 0:00:35]} e6 {[%emt 0:00:05]} 3. Nc3 {[%emt 0:00:34]} Bb4 {[%emt 0:00:18]} 4. e3 {[%emt 0:00:30]} c5 {[%emt 0:02:04]} 5. Nge2 {[%emt 0:00:59]} cxd4 {[%emt 0:00:14]} 6. exd4 {[%emt 0:00:12]} O-O {[%emt 0:00:07]} 7. a3 {[%emt 0:00:28]} Be7 {[%emt 0:00:05]} 8. Nf4 {[%emt 0:01:16]} d6 {[%emt 0:00:47]} 9. Be2 {[%emt 0:01:31]} e5 {[%emt 0:00:18]} 10. dxe5 {[%emt 0:02:10]} dxe5 {[%emt 0:00:08]} 11. Nfd5 {[%emt 0:01:25]} Nxd5 {[%emt 0:00:11]} 12. cxd5 {[%emt 0:01:41]} Na6 {[%emt 0:00:31]} 13. Be3 {[%emt 0:13:45]} Bf5 {[%emt 0:15:17]} 14. O-O {[%emt 0:02:06]} Nc7 {[%emt 0:24:57]} 15. Qb3 {[%emt 0:08:02]} b6 {[%emt 0:00:22]} 16. f3 {[%emt 0:05:44]} Bg5 {[%emt 0:13:27]} 17. Bf2 {[%emt 0:01:17]} Qd6 {[%emt 0:08:14]} 18. Ne4 {[%emt 0:03:08]} Bxe4 19. fxe4 {[%emt 0:00:12]} Qg6 {[%emt 0:09:06]} 20. Qc3 {[%emt 0:07:54]} Ne8 {[%emt 0:11:04]} 21. Qxe5 {[%emt 0:05:58]} Nd6 {[%emt 0:00:09]} 22. Bf3 {[%emt 0:04:29]} Rae8 {[%emt 0:00:38]} 23. Qg3 {[%emt 0:01:15]} 1/2-1/2

[Event "38th Barczay Memorial 2019"]
[Site "Zalakaros"]
[Date "2019.05.26"]
[Round "4.9"]
[White "Videki, Sandor"]
[Black "Horak, Jiri"]
[Result "1/2-1/2"]
[WhiteElo "2383"]
[BlackElo "2226"]
[Annotator "NA"]
[PlyCount "88"]
[EventDate "2019.05.23"]
[EventType "swiss"]
[EventCountry "HUN"]
[SourceTitle "playchess.com"]
[Source "ChessBase"]
[SourceQuality "1"]
[TimeControl "40/5400+30:1800+30"]

1. c4 {[%emt 0:00:07]} e6 {[%emt 0:00:31]} 2. Nc3 {[%emt 0:00:09]} d5 {[%emt 0:00:31]} 3. d4 {[%emt 0:00:08]} Be7 {[%emt 0:00:27]} 4. Nf3 {[%emt 0:01:30]} Nf6 {[%emt 0:00:05]} 5. g3 {[%emt 0:05:19]} O-O {[%emt 0:01:16]} 6. Bg2 {[%emt 0:00:09]} Nbd7 {[%emt 0:08:38]} 7. O-O {[%emt 0:01:55]} c6 {[%emt 0:00:59]} 8. Nd2 {[%emt 0:05:45]} b6 {[%emt 0:07:38]} 9. e4 {[%emt 0:00:43]} dxe4 {[%emt 0:00:24]} 10. Ndxe4 {[%emt 0:00:18]} Bb7 {[%emt 0:00:34]} 11. Qc2 {[%emt 0:12:17]} Nxe4 12. Nxe4 {[%emt 0:01:31]} Nf6 {[%emt 0:01:41]} 13. Rd1 {[%emt 0:00:37]} Nxe4 14. Bxe4 {[%emt 0:00:11]} g6 {[%emt 0:02:20]} 15. Be3 {[%emt 0:20:05]} Bf6 {[%emt 0:01:08]} 16. a4 {[%emt 0:05:35]} Qc7 {[%emt 0:09:26]} 17. a5 {[%emt 0:06:39]} bxa5 {[%emt 0:01:03]} 18. Qc3 {[%emt 0:14:15]} c5 {[%emt 0:02:08]} 19. Bxb7 Qxb7 {[%emt 0:00:44]} 20. Rxa5 {[%emt 0:10:55]} cxd4 21. Bxd4 {[%emt 0:00:34]} Rfd8 {[%emt 0:03:05]} 22. Raa1 {[%emt 0:04:21]} Rxd4 {[%emt 0:08:38]} 23. Rxd4 {[%emt 0:00:07]} Bxd4 {[%emt 0:00:40]} 24. Qxd4 {[%emt 0:00:04]} Rb8 {[%emt 0:00:19]} 25. Rxa7 {[%emt 0:04:53]} Qxb2 {[%emt 0:00:22]} 26. Qf4 {[%emt 0:00:42]} Rb7 {[%emt 0:02:46]} 27. Rxb7 {[%emt 0:01:18]} Qxb7 {[%emt 0:00:08]} 28. h4 {[%emt 0:00:29]} h5 {[%emt 0:00:14]} 29. Qd4 {[%emt 0:00:25]} Qc7 {[%emt 0:02:21]} 30. c5 {[%emt 0:01:12]} Kf8 {[%emt 0:00:09]} 31. Qb4 {[%emt 0:00:27]} Ke8 {[%emt 0:01:29]} 32. Qb5+ {[%emt 0:00:29]} Ke7 {[%emt 0:00:23]} 33. Kh2 {[%emt 0:01:19]} e5 {[%emt 0:00:30]} 34. Kg1 {[%emt 0:00:20]} Ke6 {[%emt 0:00:34]} 35. Qc4+ {[%emt 0:00:36]} Kf6 {[%emt 0:01:08]} 36. Qd5 {[%emt 0:00:36]} Ke7 {[%emt 0:00:12]} 37. Kg2 {[%emt 0:00:34]} f6 {[%emt 0:00:59]} 38. Kg1 {[%emt 0:00:56]} Qd7 {[%emt 0:00:56]} 39. Qg8 {[%emt 0:01:15]} Qe8 {[%emt 0:01:32]} 40. Qd5 {[%emt 0:00:00]} Qd7 {[%emt 0:00:00]} 41. Qe4 {[%emt 0:03:48]} Kf7 {[%emt 0:09:07]} 42. Kg2 {[%emt 0:07:14]} Qc7 {[%emt 0:01:06]} 43. Qd5+ {[%emt 0:01:43]} Ke7 {[%emt 0:00:07]} 44. Kg1 {[%emt 0:01:05]} Qd7 1/2-1/2

[Event "38th Barczay Memorial 2019"]
[Site "Zalakaros"]
[Date "2019.05.26"]
[Round "4.10"]
[White "Tompa, Janos"]
[Black "Bereczki, Janos"]
[Result "1-0"]
[WhiteElo "2356"]
[BlackElo "2090"]
[Annotator "NA"]
[PlyCount "59"]
[EventDate "2019.05.23"]
[EventType "swiss"]
[EventCountry "HUN"]
[SourceTitle "playchess.com"]
[Source "ChessBase"]
[SourceQuality "1"]
[TimeControl "40/5400+30:1800+30"]

1. e4 {[%emt 0:00:45]} c6 {[%emt 0:07:11]} 2. Nc3 {[%emt 0:00:59]} d5 {[%emt 0:00:38]} 3. Nf3 {[%emt 0:00:17]} Bg4 {[%emt 0:01:11]} 4. h3 {[%emt 0:00:16]} Bxf3 {[%emt 0:00:09]} 5. Qxf3 {[%emt 0:00:06]} e6 {[%emt 0:04:02]} 6. d3 {[%emt 0:03:21]} Qb6 {[%emt 0:06:59]} 7. a3 {[%emt 0:02:52]} Nf6 {[%emt 0:06:17]} 8. g3 {[%emt 0:02:06]} Nbd7 {[%emt 0:01:06]} 9. Bg2 {[%emt 0:00:07]} Be7 {[%emt 0:08:57]} 10. O-O {[%emt 0:01:05]} d4 {[%emt 0:02:46]} 11. Nb1 {[%emt 0:01:58]} O-O {[%emt 0:01:16]} 12. Qe2 {[%emt 0:02:13]} e5 {[%emt 0:03:03]} 13. Nd2 {[%emt 0:00:55]} Ne8 {[%emt 0:00:58]} 14. f4 {[%emt 0:01:19]} f6 {[%emt 0:04:11]} 15. Nf3 {[%emt 0:02:18]} g6 {[%emt 0:01:40]} 16. h4 {[%emt 0:08:02]} Qc7 {[%emt 0:07:18]} 17. h5 {[%emt 0:04:50]} Ng7 {[%emt 0:02:11]} 18. hxg6 hxg6 {[%emt 0:00:06]} 19. Nh4 {[%emt 0:01:58]} g5 {[%emt 0:03:05]} 20. Ng6 {[%emt 0:01:00]} Qd6 {[%emt 0:08:17]} 21. Nxf8 {[%emt 0:02:32]} Nxf8 {[%emt 0:01:18]} 22. fxg5 {[%emt 0:00:14]} fxg5 {[%emt 0:00:07]} 23. Bf3 {[%emt 0:00:40]} Qg6 {[%emt 0:00:53]} 24. Bg4 {[%emt 0:00:12]} Rd8 {[%emt 0:02:43]} 25. Bd2 {[%emt 0:03:16]} Nh7 {[%emt 0:02:23]} 26. Kg2 {[%emt 0:00:36]} b6 {[%emt 0:03:48]} 27. Rf2 {[%emt 0:05:45]} Rf8 {[%emt 0:01:27]} 28. Rxf8+ Nxf8 {[%emt 0:01:00]} 29. Rf1 {[%emt 0:02:36]} Ne8 {[%emt 0:01:40]} 30. Bh5 {[%emt 0:00:34]} 1-0

[Event "38th Barczay Memorial 2019"]
[Site "Zalakaros"]
[Date "2019.05.26"]
[Round "4.11"]
[White "Czebe, Attila"]
[Black "Konyves, Almos"]
[Result "1-0"]
[WhiteElo "2427"]
[BlackElo "2125"]
[Annotator "NA"]
[PlyCount "85"]
[EventDate "2019.05.23"]
[EventType "swiss"]
[EventCountry "HUN"]
[SourceTitle "playchess.com"]
[Source "ChessBase"]
[SourceQuality "1"]
[TimeControl "40/5400+30:1800+30"]

1. e4 {[%emt 0:01:54]} e5 {[%emt 0:00:13]} 2. Nf3 {[%emt 0:00:08]} Nc6 {[%emt 0:00:12]} 3. Bb5 {[%emt 0:00:04]} a6 {[%emt 0:00:15]} 4. Ba4 {[%emt 0:00:04]} Nf6 {[%emt 0:00:07]} 5. Nc3 {[%emt 0:00:26]} b5 {[%emt 0:01:00]} 6. Bb3 {[%emt 0:00:05]} Be7 {[%emt 0:00:51]} 7. d3 {[%emt 0:01:25]} d6 {[%emt 0:01:31]} 8. a3 {[%emt 0:01:55]} O-O {[%emt 0:02:41]} 9. h3 {[%emt 0:00:38]} Nd4 {[%emt 0:07:19]} 10. Nxd4 {[%emt 0:01:02]} exd4 {[%emt 0:00:05]} 11. Ne2 {[%emt 0:00:16]} c5 {[%emt 0:00:06]} 12. O-O {[%emt 0:04:43]} Bb7 {[%emt 0:01:24]} 13. Ng3 {[%emt 0:00:52]} Rc8 {[%emt 0:01:51]} 14. Re1 {[%emt 0:05:44]} Re8 {[%emt 0:01:16]} 15. Bg5 {[%emt 0:05:21]} h6 {[%emt 0:13:54]} 16. Bxf6 {[%emt 0:00:21]} Bxf6 {[%emt 0:00:08]} 17. Bd5 {[%emt 0:00:39]} Bxd5 18. exd5 {[%emt 0:00:04]} g6 {[%emt 0:07:33]} 19. Qd2 {[%emt 0:00:37]} Bg5 {[%emt 0:01:08]} 20. Rxe8+ Qxe8 {[%emt 0:00:07]} 21. Qa5 {[%emt 0:00:21]} Ra8 {[%emt 0:03:59]} 22. Qc7 {[%emt 0:04:18]} Qd8 {[%emt 0:14:00]} 23. Qc6 {[%emt 0:00:28]} Be7 {[%emt 0:02:41]} 24. a4 {[%emt 0:07:24]} b4 {[%emt 0:00:34]} 25. Re1 {[%emt 0:00:10]} Kf8 {[%emt 0:02:59]} 26. Qb7 {[%emt 0:02:15]} Rb8 {[%emt 0:23:06]} 27. Qxa6 {[%emt 0:01:06]} b3 28. cxb3 {[%emt 0:00:35]} Rxb3 {[%emt 0:00:14]} 29. Re2 {[%emt 0:08:43]} Qb8 {[%emt 0:00:24]} 30. Nf1 {[%emt 0:00:16]} Rxb2 {[%emt 0:01:17]} 31. Rxb2 {[%emt 0:00:26]} Qxb2 {[%emt 0:00:04]} 32. a5 {[%emt 0:00:44]} Qa1 {[%emt 0:02:11]} 33. Qc8+ {[%emt 0:00:46]} Kg7 {[%emt 0:00:07]} 34. a6 {[%emt 0:00:05]} Bg5 {[%emt 0:04:57]} 35. Qb7 {[%emt 0:00:34]} c4 {[%emt 0:00:20]} 36. a7 {[%emt 0:05:21]} c3 {[%emt 0:00:18]} 37. a8=Q {[%emt 0:00:23]} Qxa8 38. Qxa8 {[%emt 0:00:02]} c2 {[%emt 0:00:14]} 39. h4 {[%emt 0:11:54]} Bd2 40. Nxd2 {[%emt 0:00:00]} c1=Q+ {[%emt 0:00:00]} 41. Nf1 {[%emt 0:00:15]} Qf4 {[%emt 0:01:01]} 42. g3 {[%emt 0:00:27]} Qf5 {[%emt 0:00:05]} 43. Qc6 1-0